| 000 | 00532nam a2200181Ia 4500 | ||
|---|---|---|---|
| 008 | 100920s9999 xx 000 0 und d | ||
| 082 |
_b85679 _a--- न 04 |
||
| 100 | _aओक जनार्दन. | ||
| 245 | _aडबल गेम. | ||
| 260 |
_bपायल पब्लिकेशन, पुणे. _c2004 |
||
| 300 |
_a190 _bसाधी |
||
| 365 | _b160 | ||
| 520 | _aकादंबरी. | ||
| 630 | _aडबल गेम. | ||
| 650 | _aकादंबरी. | ||
| 730 | _aडबल गेम. | ||
| 942 | _cBOOK | ||
| 999 |
_c726191 _d726188 |
||